Statistiques concernant Pays les plus similaires à l'Espagne

Cliquez ici pour prendre le quiz!

Statistiques générales

  • Ce quiz a été pris 126 fois
  • Le résultat moyen est 8 sur 10

Statistiques - réponses

TopPays% Correct
3France
96%
1Portugal
96%
2Italie
95%
6Mexique
80%
7Argentine
79%
5Maroc
73%
8Colombie
71%
10Chili
68%
4Grèce
62%
9Pérou
62%

Distribution des résultats

Percentile par nombre de réponses

% des personnes avec chaque résultat

Votre développement - résultats

Vous n’avez pas pris ce quiz